000 01493nam a2200265 a 4500
008 120416s1990 ||||||||||||||||| || u
020 _a0256057338
050 _aHD 31 Bat
100 _aBateman, Thomas S
245 1 0 _aManagement: function and strategy
260 _aHomewood, IL :
_bIrwin
_c1990
300 _axxxvi, 796p. : ill.
350 _a0.00
490 _aThe Irwin series in management and the behavioral sciences
500 _aBibliography.
650 _aSTRATEGIC MANAGEMENT
650 0 _aMANAGEMENT
700 _aZeithaml, Carl P
995 _aMAIN LIBRARY OPEN ACCESS
_D0.00
_e725382
_FCBU-MAIN LIBRARY (Kitwe)
_H1
_I47.95
_jHD 31 Bat
_M1
_UAVAILABLE
_y000305
_ZMain Library Open Access Collection
995 _aMAIN LIBRARY OPEN ACCESS
_D0.00
_e729570
_FCBU-MAIN LIBRARY (Kitwe)
_H3
_I47.95
_jHD 31 Bat
_M5
_ULOST
_VMar 11, 2013
_y729570
_ZMain Library Open Access Collection
995 _aTEXTBOOKS (SBE)
_D0.00
_e5560
_FCBU-SCHOOL TEXTBOOK COLLECTIONS
_H1
_I0.00
_jSCHOOL TEXTBOOK
_M6
_UAVAILABLE
_WSep 14, 2009
_y5560
_ZSchool Collections
995 _aBINDERY (DAMAGED)
_D0.00
_e725384
_FCBU-MAIN LIBRARY (Kitwe)
_H4
_I47.95
_jHD 31 Bat
_M3
_UDAMAGED
_y000307
_ZMain Library Open Access Collection
995 _aBINDERY (DAMAGED)
_D0.00
_e725383
_FCBU-MAIN LIBRARY (Kitwe)
_H5
_I47.95
_jHD 31 Bat
_M2
_UDAMAGED
_y000306
_ZMain Library Open Access Collection
995 _aBINDERY (DAMAGED)
_D0.00
_e725385
_FCBU-MAIN LIBRARY (Kitwe)
_H2
_I47.95
_jHD 31 Bat
_M4
_UDAMAGED
_y000308
_ZMain Library Open Access Collection
999 _c82432
_d82432